| 000 | 00725nam a2200193 i 4500 | ||
|---|---|---|---|
| 001 | 154207 | ||
| 003 | ES-MaACL | ||
| 005 | 20230906205550.0 | ||
| 008 | 040809s1866 gw |||| | eng d | ||
| 040 |
_aCAM _bspa _cCAM |
||
| 100 | 1 |
_aPiddington, Rose. _9160326 |
|
| 245 | 1 | 4 |
_aThe gain of a loss _b: a novel / _cby the author of "The last of the Cavaliers" [Rose Piddington]. |
| 260 |
_aLeipzig : _bBernhard Tauchnitz, _c1866. |
||
| 300 |
_a1 v. (335; 331 p.) ; _c17 cm. |
||
| 490 | 1 |
_aCollection of British Authors ; _v860; 861 |
|
| 830 | 0 |
_aCollection of British Authors ; _v860; 861 _9180703 |
|
| 852 |
_aES-MaACL _jG-13128 _z-- Enc. hol., conservando al enc. editorial _z-- Enc. 2 t. en 1 v. |
||
| 999 |
_c154207 _d154207 |
||